AH International Schools' Libraries

The life of Astronaut, Thomas Pesce (KHMER) / (Record no. 50426)

MARC details
000 -LEADER
fixed length control field 00316nam a2200109 4500
020 ## - INTERNATIONAL STANDARD BOOK NUMBER
International Standard Book Number 9789924341208
100 ## - MAIN ENTRY--PERSONAL NAME
Personal name Montaigne, Marion
9 (RLIN) 84477
245 ## - TITLE STATEMENT
Title The life of Astronaut, Thomas Pesce (KHMER) /
Statement of responsibility, etc Marion Montaigne
260 ## - PUBLICATION, DISTRIBUTION, ETC. (IMPRINT)
Place of publication, distribution, etc Cambodia
Name of publisher, distributor, etc Sipar
Date of publication, distribution, etc 2025
300 ## - PHYSICAL DESCRIPTION
Extent 206 p.
Other physical details col. ill.
Dimensions 27 cm.
942 ## - ADDED ENTRY ELEMENTS (KOHA)
Source of classification or shelving scheme
Koha item type Books/GRAPHICS
Holdings
Withdrawn status Lost status Source of classification or shelving scheme Damaged status Not for loan Collection code Home library Current library Date acquired Total Checkouts Full call number Barcode Date last seen Price effective from Koha item type
          Siem Riep Asian Hope Primary Library Asian Hope Primary Library 04/24/2026   KHMER GRAPHIX 629.450 MON 209637 04/24/2026 04/24/2026 Books/GRAPHICS

For any Logos Library related questions please contact Miss Art at swongnarasuk@asianhope.org.

For any Asian Hope Library related questions please contact Miss Raza at graza@asianhope.org.

Powered by Koha